Reaction kinetics for chemical engineers (Record no. 12493)

000 -LEADER
fixed length control field 00585nam a22002051 4500
001 - CONTROL NUMBER
control field 12493
003 - CONTROL NUMBER IDENTIFIER
control field BD-DhUET
008 - FIXED-LENGTH DATA ELEMENTS--GENERAL INFORMATION
fixed length control field 720413s1959 nyua b 000 0 eng
040 ## - CATALOGING SOURCE
Original cataloging agency DLC
Transcribing agency DLC
Modifying agency BD-DhUET
082 ## - DEWEY DECIMAL CLASSIFICATION NUMBER
Classification number 660.2994
Item number WAL/1959
100 1# - MAIN ENTRY--PERSONAL NAME
Personal name Walas, Stanley M.
245 10 - TITLE STATEMENT
Title Reaction kinetics for chemical engineers
250 ## - EDITION STATEMENT
Edition statement 1st ed.
260 ## - PUBLICATION, DISTRIBUTION, ETC. (IMPRINT)
Place of publication, distribution, etc. New York
Name of publisher, distributor, etc. McGraw-Hill
Date of publication, distribution, etc. 1959
300 ## - PHYSICAL DESCRIPTION
Extent 338 p.
Other physical details ill.
490 ## - SERIES STATEMENT
Series statement McGraw - Hill chemical engineering series
504 ## - BIBLIOGRAPHY, ETC. NOTE
Bibliography, etc Includes bibliographies
650 #0 - SUBJECT ADDED ENTRY--TOPICAL TERM
Topical term or geographic name as entry element Kinetics : Reactions : Chemical Engineering
942 ## - ADDED ENTRY ELEMENTS (KOHA)
Koha item type General Book
Holdings
Date acquired Sublocation or collection (holding branch) Price effective from Koha date last seen Location (home branch) Koha full call number Lost status Copy number Piece designation (barcode) Damaged status Withdrawn status Not for loan Koha normalized classification for sorting Source of classification or shelving scheme Shelving location Koha item type
2015-02-26Central Library, BUET2015-02-262015-02-26Central Library, BUET660.2994/WAL/1959 126073   660_299400000000000_WAL_1959 Circulation sectionGeneral Book
2015-03-01Central Library, BUET2015-03-012015-03-01Central Library, BUET660.2994/WAL/1959 229882   660_299400000000000_WAL_1959 Circulation sectionGeneral Book
2015-03-31Central Library, BUET2015-03-312015-03-31Central Library, BUET660.2994/WAL/1959 329878   660_299400000000000_WAL_1959 Circulation sectionGeneral Book
2015-03-31Central Library, BUET2015-03-312015-03-31Central Library, BUET660.2994/WAL/1959 429875   660_299400000000000_WAL_1959 Circulation sectionGeneral Book
2015-03-31Central Library, BUET2015-03-312015-03-31Central Library, BUET660.2994/WAL/1959 525893   660_299400000000000_WAL_1959 Circulation sectionGeneral Book
2015-04-04Central Library, BUET2015-04-042015-04-04Central Library, BUET660.2994/WAL/1959 62114   660_299400000000000_WAL_1959 Circulation sectionGeneral Book
2015-04-07Central Library, BUET2015-04-072015-04-07Central Library, BUET660.2994/WAL/1959 729874   660_299400000000000_WAL_1959 Circulation sectionGeneral Book
2015-06-18Central Library, BUET2015-06-182015-06-18Central Library, BUET660.2994/WAL/1959 829881   660_299400000000000_WAL_1959 Reading sectionReading Item
2015-06-18Central Library, BUET2015-06-182015-06-18Central Library, BUET660.2994/WAL/1959 929879   660_299400000000000_WAL_1959 Reading sectionReading Item
2015-06-18Central Library, BUET2015-06-182015-06-18Central Library, BUET660.2994/WAL/1959 107899   660_299400000000000_WAL_1959 Reading sectionReading Item
2015-06-18Central Library, BUET2015-06-182015-06-18Central Library, BUET660.2994/WAL/1959 117900   660_299400000000000_WAL_1959 Reading sectionReading Item
2015-06-28Central Library, BUET2015-06-282015-06-28Central Library, BUET660.2994/WAL/1959 1229880   660_299400000000000_WAL_1959 Reading sectionReading Item
2015-06-28Central Library, BUET2015-06-282015-06-28Central Library, BUET660.2994/WAL/1959 1329876   660_299400000000000_WAL_1959 Reading sectionReading Item